World atlas. (Record no. 192182)

MARC details
000 -LEADER
campo de control de longitud fija 00782nam a2200241 i 4500
001 - NÚMERO DE CONTROL
campo de control 192182
003 - IDENTIFICADOR DE NÚMERO DE CONTROL
campo de control ES-MaACL
005 - FECHA Y HORA DE LA ÚLTIMA TRANSACCIÓN
campo de control 20250724094357.0
008 - DATOS DE LONGITUD FIJA--INFORMACIÓN GENERAL
campo de control de longitud fija 221107s1998 sw b 001 0 eng d
040 ## - FUENTE DE CATALOGACIÓN
Centro/agencia transcriptor ES-MaACL
080 ## - NÚMERO DE LA CLASIFICACIÓN DECIMAL UNIVERSAL
Número de la Clasificación Decimal Universal 912(100)
245 00 - MENCIÓN DEL TÍTULO
Título World atlas.
260 ## - PUBLICACIÓN, DISTRIBUCIÓN, ETC.
Lugar de publicación, distribución, etc. [Stockholm] :
Nombre del editor, distribuidor, etc. Liber Kartor,
Fecha de publicación, distribución, etc. [1999]
300 ## - DESCRIPCIÓN FÍSICA
Extensión 187 páginas :
Otras características físicas mapas (color) ;
Dimensiones 18 cm.
500 ## - NOTA GENERAL
Nota general En cub.: The right engine can take you anywhere
500 ## - NOTA GENERAL
Nota general Índice
650 #7 - PUNTO DE ACCESO ADICIONAL DE MATERIA--TÉRMINO DE MATERIA
Término de materia o nombre geográfico como elemento de entrada Atlas
Fuente del encabezamiento o término embne
9 (RLIN) 10407
852 4# - LOCALIZACIÓN
Ubicación ES-MaACL
Número de control de estantería N-8075
Ubicación en estantería Depósito J
Sublocalización o colección R. 152173
Donativo/Legado Donación: José Lázaro García
Encuadernación Encuadernación: cartoné
itemnumber 199464
903 ## - NOMBRE PERSONAL DE DONANTE
9 234219
a Lázaro García, José
e Donante
942 ## - ELEMENTOS DE ENTRADA SECUNDARIOS (KOHA)
Tipo de ítem Koha Libro impreso
Suprimir en OPAC No
Holdings
Estatus retirado Estado de pérdida Fuente del sistema de clasificación o colocación Estado de daño No para préstamo Biblioteca de origen Biblioteca actual Ubicación en estantería Fecha de adquisición Fuente de adquisición Total de préstamos Signatura topográfica completa Código de barras Visto por última vez Tipo de ítem Koha
    Clasificación decimal universal     Biblioteca del Ateneo de Madrid Biblioteca del Ateneo de Madrid Depósito J 07/11/2022 Donación   N-8075 10120616518 23/02/2023 Libro impreso